Podpora sociálnej inklúzie prostredníctvom sociálneho podnikania
Charakteristika sociálneho podnikania. Prispievanie sociálnych podnikov k zvýšeniu solidarity a sociálnej kohézie. Uspokojovanie potrieb, ktoré neuspokojil ani verejný ani súkromný sektor. Budovaním silných a súdržných komunít sa zapájajú do procesu formovania sociálneho kapitálu. Vytváranie nových...
Saved in:
| Main Author: | |
|---|---|
| Format: | Book Chapter |
| Language: | Slovak |
| Subjects: | |
| Tags: |
No Tags, Be the first to tag this record!
|
MARC
| LEADER | 00000nla$a2200000$$$4500 | ||
|---|---|---|---|
| 001 | 0076901 | ||
| 005 | 20240502071909.4 | ||
| 041 | 0 | |a slo | |
| 044 | |a SK | ||
| 245 | 1 | 0 | |a Podpora sociálnej inklúzie prostredníctvom sociálneho podnikania |c Eva Pongráczová |
| 520 | |a Charakteristika sociálneho podnikania. Prispievanie sociálnych podnikov k zvýšeniu solidarity a sociálnej kohézie. Uspokojovanie potrieb, ktoré neuspokojil ani verejný ani súkromný sektor. Budovaním silných a súdržných komunít sa zapájajú do procesu formovania sociálneho kapitálu. Vytváranie nových pracovných miest, budovanie konkurencieschopnosti a výkonnosti krajiny. | ||
| 610 | 2 | 0 | |a podnikanie |
| 610 | 2 | 0 | |a podnik sociálny |
| 610 | 2 | 0 | |a zisk |
| 610 | 2 | 0 | |a politika sociálna |
| 610 | 2 | 0 | |a miesta pracovné |
| 610 | 2 | 0 | |a zamestnanie |
| 100 | 1 | |a Pongráczová, Eva, 1971- | |